000 00320nam a22001217a 4500
003 OSt
008 250127b |||||||| |||| 00| 0 eng d
041 _aeng
100 _aISI
_97009
245 _aSpecifiation for Plate Type Seed Meetering Mechanism IS:6817
260 _bIndian Standard Institutions,
_c1973.
942 _cBK
999 _c19142
_d19142